00450nam a2200169Ia 4500003000400000005001700004008004100021020001500062040000700077041000800084082001700092100002300109245007900132260004000211300001600251365001300267OSt20230403153953.0210423s2007 xx 000 0 und d a8130904578 cAL aeng a809.935 BLOH aBLOOM (Harold),Ed. aViva modern critical interpretations Ralph Waldo Emerson: Emersons essays. aNew DelhibViva Books Pvt Ltdc2007 avii,300bPB b175cINR